|
|
|
|
| LEADER |
00000nam0a2200000 4500 |
| 001 |
362079 |
| 005 |
20231102011444.0 |
| 035 |
|
|
|a (RuTPU)RU\TPU\retro\19425
|
| 090 |
|
|
|a 362079
|
| 100 |
|
|
|a 20210714d1980 km y0rusy50 ca
|
| 101 |
0 |
|
|a rus
|
| 102 |
|
|
|a UA
|
| 105 |
|
|
|a y z 100zy
|
| 200 |
1 |
|
|a Физико-химическая механика дисперсных систем и материалов
|e тезисы докладов республиканской конференции, Харьков, 1980 г.
|f Академия наук Украинской ССР, Институт коллоидной химии и химии воды им. А. В. Думанского ; Харьковский автомобильно-дорожный институт ; Харьковский инженерно-строительный институт ; Харьковский политехнический институт ; под ред. Н. Н. Круглицкого
|
| 210 |
|
|
|a Киев
|c Наукова думка
|d 1980
|
| 215 |
|
|
|a 360 с.
|
| 606 |
1 |
|
|a Дисперсные системы
|x (химия)
|2 stltpush
|3 (RuTPU)RU\TPU\subj\70306
|9 84654
|
| 606 |
1 |
|
|a Дисперсные материалы
|x Производство
|x Физико-химические основы
|2 stltpush
|3 (RuTPU)RU\TPU\subj\31936
|9 54650
|
| 610 |
1 |
|
|a конференции
|
| 610 |
1 |
|
|a механика
|
| 610 |
1 |
|
|a исследования
|
| 610 |
1 |
|
|a реологические свойства
|
| 610 |
1 |
|
|a физическая химия
|
| 610 |
1 |
|
|a коллоидно-химические свойства
|
| 610 |
1 |
|
|a материаловедение
|
| 675 |
|
|
|a 544.77(063)
|v 4
|
| 675 |
|
|
|a 661.182(063)
|v 4
|
| 702 |
|
1 |
|a Круглицкий
|b Н. Н.
|4 340
|
| 712 |
0 |
2 |
|a Академия наук Украинской ССР
|b Институт коллоидной химии и химии воды им. А. В. Думанского
|c (Киев)
|2 stltpush
|3 (RuTPU)RU\TPU\col\11823
|9 25263
|
| 712 |
0 |
2 |
|a Харьковский автомобильно-дорожный институт
|c (1930-1993)
|2 stltpush
|3 (RuTPU)RU\TPU\col\16709
|9 26425
|
| 712 |
0 |
2 |
|a Харьковский инженерно-строительный институт
|2 stltpush
|3 (RuTPU)RU\TPU\col\11895
|9 25284
|
| 712 |
0 |
2 |
|a Харьковский политехнический институт
|c (1929- )
|2 stltpush
|3 (RuTPU)RU\TPU\col\291
|9 23325
|
| 712 |
1 |
2 |
|a Физико-химическая механика дисперсных систем и материалов
|c конференции
|e Харьков
|f 1980
|4 570
|
| 801 |
|
1 |
|a RU
|b 63413507
|c 20210714
|
| 801 |
|
2 |
|a RU
|b 63413507
|c 20210714
|g RCR
|
| 942 |
|
|
|c BK
|